Management Control Systems (Record no. 87959)

MARC details
000 -LEADER
fixed length control field 00545nam a2200217Ia 4500
008 - FIXED-LENGTH DATA ELEMENTS--GENERAL INFORMATION
fixed length control field 230125s9999 xx 000 0 und d
020 ## - INTERNATIONAL STANDARD BOOK NUMBER
International Standard Book Number 81-314-1215-6
041 ## - LANGUAGE CODE
Language code of text/sound track or separate title eng
082 ## - DEWEY DECIMAL CLASSIFICATION NUMBER
Classification number 658.4013
Item number ICM
100 ## - MAIN ENTRY--PERSONAL NAME
Personal name ICFAI
245 ## - TITLE STATEMENT
Title Management Control Systems
Remainder of title An Integrated Approach to Performance and Compliance
250 ## - EDITION STATEMENT
Edition statement 2nd Ed.
260 ## - PUBLICATION, DISTRIBUTION, ETC. (IMPRINT)
Date of publication, distribution, etc. 2008
Name of publisher, distributor, etc. ICFAI publication
Place of publication, distribution, etc. Hyderabad
300 ## - PHYSICAL DESCRIPTION
Extent 514p
440 ## - SERIES STATEMENT/ADDED ENTRY--TITLE
Title ICFAI
500 ## - GENERAL NOTE
Keywords MCS
650 ## - SUBJECT ADDED ENTRY--TOPICAL TERM
Topical term or geographic name as entry element Management
700 ## - ADDED ENTRY--PERSONAL NAME
Personal name ICFAI
906 ## - LOCAL DATA ELEMENT F, LDF (RLIN)
b 150
Holdings
Withdrawn status Lost status Damaged status Not for loan Home library Current library Date acquired Vendor Cost, normal purchase price Bill number Total Checkouts Full call number Barcode Date last seen Cost, replacement price Bill Date Koha item type Original Barcode
        Smt. Hiraben Nanavati Institute of Management & Research for Women Smt. Hiraben Nanavati Institute of Management & Research for Women 31/08/2010 A S Enterprises 500.00 56   658.4013 ICM B08526 HIMR-BK-8526 25/01/2023 350.00 05/04/2010 Books B08526